02009 a2200217 4500001000700000020001800007040003200025100001700057245001300074250001000087260001900097300004400116362000900160490001100169520149300180650003501673650001401708650001201722650002401734650003301758119786 a9788501089656 cEscola Canadense de Niteroi aKate, Lauren10aÊxtase a1.ed. aRio de Janeiro a346 p.bil.c6 x 15 x 2.6 cm (brochura)0 a20120 aFallen aHá seis milênios, o anjo Daniel Grigori e a mortal Lucinda Price se reencontram. Vida após vida, existência após existéncia, numa corrida contra o tempo e o destino para quebrar uma maldição esquecida. E poderem, finalmente, ficar juntos. À sua maneira, cada um carrega um peso quase insuportável no coração. Daniel, o anjo imortal, deve assistir à morte da amada, a cada encarnação, sem poder revelar-lhe os segredos que a libertariam de um destino de dor e a conduziriam à lua e ao calor de seu amor. Para sempre. Lucinda é assombrada puniembranças desconexas, medos irracionais e uma inabalável certeza: Daniel é o prêmio. Por ele, tudo, tudo vale a pena. Mas o caminho do verdadeiro amor não é feito de flores. E, mesmo com a ajuda de asas, não pode ser percorrido corn rapidez insensata. E nem pode apagar o passado... ou um relacionamento equivocado. Depois de visitar todas as antigas ""Luces"" ― do Egito dos faraós até a China imemorial, passando pela Itália e América primitiva ―, ela agora está mais peno do que nunca de seu objetivo. Em nenhuma de suas outras vidas aprendeu tanto. Agora ela é forte. Precisa ser. Agora, ela e Daniel chegam ao final de sua provação. Lucinda precisa recordar quem foi e o que realmente é pra poder lutar sua última batalha. É sua última chance. Será que ela vai conseguir? Será que Luce e Daniel finalmente ficarão juntos? Êxtase termina a saga de Fallen. 4aMistério, Suspense ou Terror 4aMitologia 4aRomance 4aSeres sobrenaturais 4aLiteratura para Jovem Adulto